The Ultimate European Nations Ranking Quiz: Who Stands Tall in History - Statistics

General Stats
  • This quiz has been taken 18 times
  • The average score is 33 of 46
Answer Stats
Hint Area Answer % Correct
5 Western Europe United Kingdom
100%
3 Western Europe France
94%
4 Central Europe Germany
94%
1 Southern Europe Greece
94%
2 Southern Europe Italy
94%
20 Western Europe Ireland
83%
7 Southern Europe Spain
83%
12 Western Europe Netherlands
78%
9 Central Europe Poland
78%
23 Eastern Europe Romania
78%
8 Northern Europe Sweden
78%
13 Central Europe Austria
72%
25 Eastern Europe Belarus
72%
28 Eastern Europe Bulgaria
72%
16 Northern Europe Denmark
72%
33 Northern Europe Estonia
72%
14 Central Europe Hungary
72%
15 Northern Europe Norway
72%
11 Southern Europe Portugal
72%
6 Eastern Europe Russia
72%
26 Southern Europe Serbia
72%
10 Central Europe Switzerland
72%
35 Southern Europe Albania
67%
42 Southern Europe Andorra
67%
21 Western Europe Belgium
67%
27 Southern Europe Croatia
67%
19 Central Europe Czechia
67%
17 Northern Europe Finland
67%
22 Northern Europe Iceland
67%
32 Northern Europe Latvia
67%
31 Northern Europe Lithuania
67%
40 Western Europe Luxembourg
67%
39 Southern Europe Malta
67%
37 Southern Europe Montenegro
67%
38 Southern Europe North Macedonia
67%
44 Southern Europe San Marino
67%
29 Central Europe Slovakia
67%
24 Eastern Europe Ukraine
67%
46 Southern Europe Vatican City
67%
41 Southern Europe Kosovo
61%
45 Central Europe Liechtenstein
61%
36 Eastern Europe Moldova
61%
43 Western Europe Monaco
61%
18 Southern Europe Turkey
61%
34 Southern Europe Bosnia and Herzegovina
56%
30 Southern Europe Slovenia
56%
No matching quizzes found
Score Distribution
Percent of People with Each Score
Percentile by Number Answered
Your Score History
You have not taken this quiz